000 00312 a2200121 4500
001 147106
040 _cEscola São Tomás de Aquino
100 _aMACHADO, Ana Maria
240 1 0 _aA galinha que criava um ratinho
_lpor
245 1 0 _aA galinha que criava um ratinho
697 _a*LITERATURA INFANTO
942 _cBK
999 _c147106
_d147106